000 01375nam a22003495i 4500
999 _c27402
_d27373
001 018941298
003 EG-ScBUE
005 20201027102710.0
008 180716s2018 enk f b 001 0 eng d
020 _z9781527505384
020 _z1527505383
040 _aN$T
_beng
_erda
_cN$T
_dUk
_dEG-ScBUE
082 0 4 _a809.93384
_bENR
_222
100 1 0 _aEnright-Clark Shoukri, Doris,
_eauthor.
_924973
245 1 0 _aStudies in ontology in twentieth century literature /
_cby Doris Enright-Clark Shoukri ; edited by Leslie Croxford and Leonardo de Arrizabalaga y Prado.
264 1 _aNewcastle upon Tyne, UK :
_bCambridge Scholars Publishing,
_c2018.
300 _aviii, 265 pages ;
_c24 cm
336 _atext
_btxt
_2rdacontent
337 _aunmediated
_bn
_2rdamedia
338 _avolume
_bnc
_2rdacarrier
504 _aIncludes bibliographical references and index.
520 _aThis book is a study of literary concern with ontology throughout the twentieth century.
650 7 _aLiterary studies: from c 1900.
_2bicssc
650 7 _aOntology in literature.
_2BUEsh
650 7 _aLiterature, Modern
_y20th century
_xHistory and criticism.
_2BUEsh
651 _2BUEsh
653 _bHHUUEENN
_bGGEN
_cApril2019
655 _vReading book
_934232
700 1 _aCroxford, Leslie,
_eeditor.
_941842
700 1 _aPrado, Leonardo de Arrizabalaga y,
_eeditor.
942 _2ddc
_cBB